Statistics for Guess the lyrics (#17)

Click here to take the quiz!

General Stats

  • This quiz has been taken 259 times
  • The average score is 123 of 235

Answer Stats

Answer% Correct
The
96%
the
96%
a
94%
You
92%
you
92%
is
85%
do
84%
to
84%
love
83%
it,
81%
it
81%
it?
81%
It
81%
and
77%
And
77%
when
77%
in
76%
of
75%
your
75%
go
74%
be
72%
what
70%
no
69%
that
68%
Can
67%
They
61%
Don't
59%
don't
59%
feel
59%
it's
58%
It's
58%
know
58%
this
57%
will
53%
but
52%
But
52%
one
52%
thing
51%
all
50%
at
49%
like
49%
man
48%
from
46%
just
46%
Just
46%
Make
46%
make
46%
Power
46%
power
46%
say
46%
time
43%
life
42%
with
40%
night
38%
need
37%
take
37%
than
37%
won't
35%
That's
34%
that's
34%
More
33%
feeling,
31%
good,
31%
sing
31%
bad
30%
dove
28%
Yeah,
28%
nothin'
26%
another
25%
little
25%
white
25%
right
24%
you've
24%
curious
23%
might
23%
sad
23%
world
23%
baby
21%
gets
20%
keep
20%
money,
20%
money
20%
above
19%
dream
19%
save
19%
sometimes
19%
card
18%
credit
18%
fame
18%
mad
18%
ride
18%
'round
18%
weep
18%
care
17%
Change
17%
strong
17%
train
17%
hold
16%
wrong
16%
fair
15%
First
15%
help
15%
girl's
14%
makes
13%
home
12%
Next
12%
cruel
11%
rich
11%
stronger
10%
Stronger
10%
harder
9%
diamonds,
8%
diamonds
8%
til
8%
cream
7%
found
7%
glad
7%
hawk
7%
steel
7%
sudden
7%
Tougher
7%

Score Distribution

Percentile by Number Answered

Percent of People with Each Score

Your Score History

You have not taken this quiz